000 00451nam a2200181Ia 4500
008 100917s9999 xx 000 0 und d
082 _b58607
100 _aखांडेकर दिवाकर
245 _aदरवळ
260 _bमुक्ता प्रकाशन
_c1982
300 _a132
365 _b21
520 _aकथा
630 _aदरवळ
650 _aकथा
730 _aदरवळ
942 _cBOOK
999 _c664001
_d663998